البيت الأزرق : (رقم التسجيلة. 138199)
[ عرض عادي ]
| 000 -الفاتح | |
|---|---|
| عناصر البيانات ثابتة الطول | 00689cam a2200205 i 4500 |
| 005 - تاريخ ووقت آخر معاملة | |
| حقل ضبط | 20260212090055.0 |
| 008 - عناصر البيانات ثابتة الطول | |
| عناصر البيانات ثابتة الطول | 250721s2017 le gr 000 f ara d |
| 020 ## - الترقيم الدولي المعياري للكتب (ردمك) | |
| الترقيم الدولي المعياري للكتب (ردمك) | 9786140215580 |
| 082 14 - رقم تصنيف ديوي العشري | |
| رقم التصنيف | ق |
| رقم المادة | و ا ز |
| 100 1# - مدخل رئيسي – اسم شخصي | |
| الاسم الشخصي | وازن، عبده |
| علاقة الشخص بالعمل/ دوره | مؤلف. |
| 245 12 - بيان العنوان | |
| العنوان | البيت الأزرق : |
| بيان المسؤولية | عبده وازن. |
| بقية العنوان | رواية / |
| 250 ## - بيان الطبعة | |
| بيان الطبعة | الطبعة الأولى. |
| 264 31 - بيانات النشر، التوزيع…إلخ | |
| مكان النشر، التوزيع...إلخ | بيروت : |
| اسم الناشر، الموزع...إلخ | منشورات ضفاف، |
| تاريخ النشر، التوزيع...إلخ | 2017. |
| 264 31 - بيانات النشر، التوزيع…إلخ | |
| مكان النشر، التوزيع...إلخ | الجزائر : |
| اسم الناشر، الموزع...إلخ | منشورات الاختلاف، |
| تاريخ النشر، التوزيع...إلخ | 2017. |
| 300 ## - الوصف المادي | |
| عدد الوحدات المكونة للوعاء | 343 صفحة. |
| 650 17 - مدخل إضافي بالموضوع - مصطلح موضوعي | |
| مصطلح موضوعي أو اسم جغرافي كعنصر مدخل | الادب العربي. |
| 650 17 - مدخل إضافي بالموضوع - مصطلح موضوعي | |
| مصطلح موضوعي أو اسم جغرافي كعنصر مدخل | الروايات العربية. |
| 942 ## - بيانات إضافية (كوها) | |
| نوع التنصيف | Dewey Decimal Classification |
| نوع المادة (كوها) | كتب |
| حالة السحب | حالة الفقدان | مصدر التصنيف | حالة التلف | غير قابل للإعارة | المكتبة الرئيسية | المكتبة الحالية | موقع الرف | تاريخ التزويد | الرقم المتسلسل | Total Checkouts | رقم الإستدعاء | الباركود | تاريخ آخر ظهور | تاريخ آخر استعارة | تاريخ الفاتورة | نوع المادة (كوها) |
|---|---|---|---|---|---|---|---|---|---|---|---|---|---|---|---|---|
| Dewey Decimal Classification | المكتبة المركزية | المكتبة المركزية | الإعارة | 28/07/2025 | 1691278 | 1 | ق / و ا ز | PLD00436614 | 18/01/2026 | 04/01/2026 | 28/07/2025 | كتب | ||||
| Dewey Decimal Classification | مكتبة حمزة العامة | مكتبة حمزة العامة | الإعارة | 19/11/2018 | 1691279 | ق / و ا ز | PLD00438538 | 28/07/2025 | 19/11/2018 | كتب |